| 000 | 00985cam a2200349Ia 4500 | ||
|---|---|---|---|
| 001 | 101275 | ||
| 005 | 20230410130527.0 | ||
| 008 | 931006s1963 fr b 001 0 fre d | ||
| 035 | _a(OCoLC)ocm28949821 | ||
| 040 |
_aCOD _cCOD _dLVB _dOCLCG |
||
| 020 | _a2070327469 | ||
| 020 | _a9782070327461 | ||
| 035 | _a(OCoLC)28949821 | ||
| 049 | _aGRAL | ||
| 050 | 1 | 4 |
_aPN 1136 _bC615r 1963 |
| 100 | 1 |
_aClaudel, Paul, _d1868-1955. |
|
| 245 | 1 | 0 |
_aRéflexions sur la poésie / _cPaul Claudel. |
| 260 |
_aParis : _bGallimard, _cc1963 |
||
| 300 | _a185 p. ; 17 cm. | ||
| 440 | 0 |
_aCollection Folio/essais ; _v214 |
|
| 504 | _aIncludes bibliographical references and index | ||
| 650 | 0 | _aFrench poetry. | |
| 650 | 6 |
_aPoésie _xEsthétique. |
|
| 650 | 6 |
_aFrancais (Langue) _xVersification. |
|
| 650 | 6 | _aCréation littéraire. | |
| 650 | 6 | _aInspiration. | |
| 650 | 4 | _aCES | |
| 650 | 4 | _aColección Enriquillo Sánchez | |
| 942 |
_2lcc _cbk |
||
| 994 |
_aC0 _bDRFGD |
||
| 946 | _aNBM | ||
| 999 |
_c75590 _d75590 |
||